Urban planning (Record no. 78573)
[ view plain ]
| 000 -LEADER | |
|---|---|
| fixed length control field | 00725nam a2200181 a 4500 |
| 008 - FIXED-LENGTH DATA ELEMENTS--GENERAL INFORMATION | |
| fixed length control field | 120416s0000 ||||||||||||||||| || u |
| 020 ## - INTERNATIONAL STANDARD BOOK NUMBER | |
| International Standard Book Number | 0070102295 |
| 050 ## - LIBRARY OF CONGRESS CALL NUMBER | |
| Classification number | HT 166 Urb |
| 100 ## - MAIN ENTRY--PERSONAL NAME | |
| Personal name | Snyder, James C |
| 245 10 - TITLE STATEMENT | |
| Title | Urban planning |
| Statement of responsibility, etc. | edited by Anthony J. Catanese |
| 250 ## - EDITION STATEMENT | |
| Edition statement | 2nd ed. |
| 260 ## - PUBLICATION, DISTRIBUTION, ETC. | |
| Place of publication, distribution, etc. | New York |
| Name of publisher, distributor, etc. | McGraw-Hill |
| Date of publication, distribution, etc. | 1988 |
| 300 ## - PHYSICAL DESCRIPTION | |
| Extent | xiii, 386p. : ill. |
| 350 ## - | |
| -- | 0.00 |
| 700 ## - ADDED ENTRY--PERSONAL NAME | |
| Personal name | Catanese, Anthony J |
| 995 ## - | |
| -- | MAIN LIBRARY OPEN ACCESS |
| -- | 0.00 |
| -- | 721637 |
| -- | CBU-MAIN LIBRARY (Kitwe) |
| -- | 1 |
| -- | 39.95 |
| -- | HT 166 Urb |
| -- | 1 |
| -- | OUT |
| -- | 008335 |
| -- | Main Library Open Access Collection |
| 995 ## - | |
| -- | BINDERY (DAMAGED) |
| -- | 0.00 |
| -- | 721638 |
| -- | CBU-MAIN LIBRARY (Kitwe) |
| -- | 2 |
| -- | 39.95 |
| -- | HT 166 Urb |
| -- | 2 |
| -- | DAMAGED |
| -- | 008336 |
| -- | Main Library Open Access Collection |
| 999 ## - | |
| -- | 78573 |
| -- | 78573 |
| Withdrawn status | Lost status | Source of classification or shelving scheme | Damaged status | Not for loan | Permanent Location | Current Location | Shelving location | Date acquired | Total Checkouts | Total Renewals | Full call number | Barcode | Checked out | Date last seen | Date last checked out | Copy number | Price effective from | Koha item type |
|---|---|---|---|---|---|---|---|---|---|---|---|---|---|---|---|---|---|---|
| CBU-MAIN LIBRARY, KITWE. | CBU-MAIN LIBRARY, KITWE. | 05/17/2023 | 13 | 2 | HT 166 Urb | 008335 | 08/20/2026 | 06/18/2026 | 06/18/2026 | 1 | 05/17/2023 | MONOGRAPH | ||||||
| CBU-MAIN LIBRARY, KITWE. | CBU-MAIN LIBRARY, KITWE. | 05/17/2023 | HT 166 Urb | 008336 | 05/17/2023 | 2 | 05/17/2023 | MONOGRAPH |